000 00392pab a2200169 454500
008 180718b2014 xxu||||| |||| 00| 0 eng d
100 _aNazar, Asif
245 _aInterdependence among BRICS nations
260 _c2014
300 _ap.9.
362 _a2 Aug
650 _aBRICS
650 _aInternational economic relations
773 _aMainstream
908 _aN
909 _a104911
999 _c104906
_d104906